Marxisticko-leninské učení o státě a právu : (dějiny vývoje) /

Hlavní autor: Kubů, Lubomír, 1929-2018
Další autoři: Veverka, Vladimír, 1931-2024
Jazyk: Čeština
Vydáno: Brno : Univerzita J.E. Purkyně, 1984
Vydání: 1. vyd.
Témata:
Fyzický popis: 116 s.
Knihy
Uloženo v:
LEADER 01468nam a22003252a 4500
001 000094566
003 CZ BrMZK
005 20111125182827.0
007 ta
008 960707s1984 xr f cze d
015 |a cnb000529475 
040 |a BOA001  |b cze  |c BOA002 
080 9 |a 342(075.8) 
080 9 |a 141.824(075.8) 
080 9 |a 378.4 
100 1 |a Kubů, Lubomír,  |d 1929-2018  |7 jk01070478  |4 aut 
245 1 0 |a Marxisticko-leninské učení o státě a právu :  |b (dějiny vývoje) /  |c Lubomír Kubů, Vladimír Veverka 
250 |a 1. vyd. 
260 |a Brno :  |b Univerzita J.E. Purkyně,  |c 1984 
300 |a 116 s. 
700 1 |a Veverka, Vladimír,  |d 1931-2024  |7 jk01142280  |4 aut 
910 |a BOA001  |b PK-N-0024.395  |b 4-0886.110 
964 |a Stát - právo - teorie marxisticko-leninské - učebnice - školy vysoké 
990 |a BK 
996 7 |b 3119969007  |c PK-N-0024.395  |l MZK  |r Sklad / do 1 hodiny  |n 0  |w 000094566  |u 000010  |a 1  |e BOA001  |j MZK50  |s A 
996 6 |b BC-475658  |c 4-0886.110  |l MZK  |r Sklad / do 1 hodiny  |n 0  |w 000094566  |u 000020  |a 1  |e BOA001  |j MZK50  |s P 
996 6 |b BC-475659  |c 4-0886.110  |l MZK  |r Sklad / do 1 hodiny  |n 0  |w 000094566  |u 000030  |a 1  |e BOA001  |j MZK50  |s P 
996 6 |b BC-475660  |c 4-0886.110  |l MZK  |r Sklad / do 1 hodiny  |n 0  |w 000094566  |u 000040  |a 1  |e BOA001  |j MZK50  |s P 
996 6 |b BC-475661  |c 4-0886.110  |l MZK  |r Sklad / do 1 hodiny  |n 0  |w 000094566  |u 000050  |a 1  |e BOA001  |j MZK50  |s P 
996 6 |b BC-475663  |c 4-0886.110  |l MZK  |r Sklad / do 1 hodiny  |n 0  |w 000094566  |u 000060  |a 1  |e BOA001  |j MZK50  |s P